Largest Settlement by Lake - Statistics

General Stats
  • This quiz has been taken 22 times
  • The average score is 8 of 20
Answer Stats
Lake City Population Answer % Correct
Lake Michigan 2,746,388 Chicago
100%
Lake Ontario 2,794,356 Toronto
100%
Caspian Sea 2,616,948 Baku
88%
Lake Erie 372,624 Cleveland
82%
Lake Victoria 1,680,600 Kampala
82%
Great Slave Lake 20,340 Y{ellowknife}
82%
Lake Tanganyika 374,809 Bujumbura
47%
Lake Superior 108,843 Thunder Bay
29%
Lake Balkhash 66,883 B{alkhash}
24%
Lake Athabasca 798 F{ort} {Chipewyan}
18%
Lake Winnipeg 2,345 G{imli}
18%
Lake Nicaragua 134,104 Granada
18%
Lake Malawi 61,609 K{aronga}
18%
Lake Titicaca 128,637 Puno
18%
Lake Huron 72,047 S{arnia}
18%
Great Bear Lake 533 D{élı̨nę}
12%
Lake Baikal 24,929 S{everobaykalsk}
12%
Lake Ladoga 19,235 S{ortavala}
12%
Lake Vostok 30 V{ostok} {Station}
12%
Lake Onega 261,987 Petrozavodsk
6%
No matching quizzes found
Score Distribution
Percent of People with Each Score
Percentile by Number Answered
Your Score History
You have not taken this quiz